000 00320nam a22001337a 4500
008 170612b xxu||||| |||| 00| 0 eng d
020 _a9780333679906
041 _aeng
080 _a32
100 _a19
101 _aSHP
245 _aTHE DEBT DILEMMA IMF NEGOTIATION IN JAMAICA
_cBARTILOW.H.A
942 _2udc
_cBK
999 _c16962
_d16962